[Event "Titled Tue 10th Jun Early"]
[Site "chess.com INT"]
[Date "2025.06.10"]
[Round "4"]
[White "Skiadopoulos, Nikolaos"]
[Black "Kiremitciyan, Ari"]
[Result "1-0"]
[WhiteTitle "CM"]
[BlackTitle "FM"]
[WhiteElo "1882"]
[BlackElo "2271"]
[WhiteFideId "4200772"]
[BlackFideId "6373445"]
[EventDate "2025.06.10"]

1. e4 c6 2. d4 d5 3. e5 c5 4. dxc5 e6 5. a3 Bxc5 6. b4 Bb6 7. Nf3 Ne7 8. Bd3 Nd7
9. O-O Ng6 10. Qe2 O-O 11. Bb2 Bc7 12. g3 a5 13. Nbd2 Qe7 14. h4 axb4 15. axb4
Rxa1 16. Rxa1 f5 17. exf6 Nxf6 18. b5 Bb6 19. Bxg6 hxg6 20. Qd3 Ng4 21. Bd4 Bxd4
22. Qxd4 Qf6 23. Qxf6 gxf6 24. c4 dxc4 25. Nxc4 Rd8 26. Ra8 Rf8 27. Nd6 Bd7 28.
Rxf8+ Kxf8 29. Nxb7 Bxb5 30. Nc5 Ke7 31. Nxe6 1-0

[Event "Titled Tue 10th Jun Early"]
[Site "chess.com INT"]
[Date "2025.06.10"]
[Round "4"]
[White "Lacasa Diaz, Josep Anton"]
[Black "Aarit Kapil"]
[Result "1-0"]
[WhiteTitle "IM"]
[BlackTitle "CM"]
[WhiteElo "2315"]
[BlackElo "2078"]
[WhiteFideId "2203375"]
[BlackFideId "33408947"]
[EventDate "2025.06.10"]

1. e4 c5 2. Nf3 d6 3. Bb5+ Bd7 4. Bxd7+ Nxd7 5. O-O Ngf6 6. Qe2 e5 7. c3 Be7 8.
d4 O-O 9. Bg5 cxd4 10. Bxf6 d3 11. Qxd3 Nxf6 12. c4 Qc7 13. Nc3 Rfc8 14. b3 a6
15. Rfd1 b5 16. Nd5 Nxd5 17. cxd5 Qc2 18. Ne1 Qxd3 19. Nxd3 Rc2 20. Nb4 Re2 21.
Nc6 Bg5 22. Re1 Rc2 23. Kf1 a5 24. Re2 Rc5 25. a4 b4 26. Rb1 f5 27. f3 fxe4 28.
fxe4 Rf8+ 29. Ke1 h5 30. Rf2 Rxf2 31. Kxf2 Kf7 32. Ke1 Ke8 33. Kd1 Kd7 34. Rb2
Kc7 35. Rc2 Rxc2 36. Kxc2 Kb6 37. Kd3 Bf6 38. Kc4 g5 39. Nb8 Bd8 40. Nd7+ Kc7
41. Nf8 Be7 42. Ne6+ Kb6 43. h3 g4 44. Ng7 gxh3 45. gxh3 1-0

[Event "Titled Tue 10th Jun Early"]
[Site "chess.com INT"]
[Date "2025.06.10"]
[Round "4"]
[White "Lyakh, Vasiliy"]
[Black "Fikiet, Alex"]
[Result "0-1"]
[WhiteElo "2123"]
[BlackElo "2151"]
[WhiteFideId "14189828"]
[BlackFideId "2052717"]
[EventDate "2025.06.10"]

1. d4 d5 2. c4 e5 3. dxe5 d4 4. Nf3 Nc6 5. a3 Nge7 6. e3 Bg4 7. Be2 dxe3 8.
Qxd8+ Rxd8 9. Bxe3 Bxf3 10. Bxf3 Nxe5 11. Bxb7 Nxc4 12. Bc1 Na5 13. Be4 Nb3 14.
Be3 Nxa1 15. Nd2 f5 16. Bb1 g6 17. Ke2 Bg7 18. Ba2 Nc2 19. Bxa7 Bxb2 20. Nc4 Bd4
21. Rc1 Bxa7 22. Rxc2 Nd5 23. Ne5 Bb6 24. Nc6 Rd6 25. a4 Kd7 26. Ne5+ Ke6 27.
Nc4 Rc6 28. Rd2 Rd8 29. a5 Ba7 30. Na3 Ke5 31. Nc4+ Rxc4 0-1

[Event "Titled Tue 10th Jun Early"]
[Site "chess.com INT"]
[Date "2025.06.10"]
[Round "4"]
[White "Gu, Xiaobing"]
[Black "Ghoreishi Amiri, Seyed Kian"]
[Result "1-0"]
[WhiteTitle "WGM"]
[BlackTitle "CM"]
[WhiteElo "2148"]
[BlackElo "2216"]
[WhiteFideId "8602611"]
[BlackFideId "36757527"]
[EventDate "2025.06.10"]

1. e4 c5 2. Nf3 d6 3. d4 cxd4 4. Nxd4 Nf6 5. Nc3 g6 6. Be3 Bg7 7. f3 O-O 8. Bc4
Nc6 9. Qd2 Bd7 10. O-O-O Rc8 11. Bb3 Ne5 12. Kb1 Nc4 13. Bxc4 Rxc4 14. g4 b5 15.
b3 Rc8 16. Ndxb5 a6 17. Nd4 Qc7 18. Nd5 Nxd5 19. exd5 a5 20. h4 a4 21. h5 axb3
22. cxb3 Qb7 23. Bh6 Bh8 24. Bxf8 Rxf8 25. hxg6 fxg6 26. Ne6 Bxe6 27. dxe6 Qxf3
28. Rhf1 Qe4+ 29. Qc2 Qxe6 30. Rxf8+ Kxf8 31. g5 Qe5 32. Qc8+ Kg7 33. Rf1 Qe4+
34. Qc2 Qe5 35. Qb2 Kg8 36. Qxe5 Bxe5 37. Kc2 Bg3 38. a4 Bh4 39. a5 Bxg5 40. a6
Be3 41. Re1 Bc5 42. Rxe7 h5 43. a7 Bxa7 44. Rxa7 h4 45. Ra4 g5 46. Rg4 Kg7 47.
Rxg5+ Kh6 48. Rg1 Kh5 49. b4 h3 50. b5 h2 51. Rh1 Kg4 52. Rxh2 Kf5 53. b6 Ke6
54. b7 Kd5 55. b8=Q Kc4 56. Qb3+ Kc5 57. Rh5+ Kc6 58. Qb5+ Kc7 59. Rh7+ Kc8 60.
Qe8# 1-0

[Event "Titled Tue 10th Jun Early"]
[Site "chess.com INT"]
[Date "2025.06.10"]
[Round "4"]
[White "Mendes Aaron Reeve"]
[Black "Carlsson, Ludvig"]
[Result "0-1"]
[WhiteTitle "IM"]
[BlackTitle "IM"]
[WhiteElo "2335"]
[BlackElo "2379"]
[WhiteFideId "25954938"]
[BlackFideId "1727010"]
[EventDate "2025.06.10"]

1. b3 d5 2. Bb2 c5 3. f4 Nf6 4. e3 g6 5. Nf3 Bg7 6. Be2 O-O 7. O-O Nc6 8. a4 d4
9. h3 Nd5 10. Qc1 e5 11. fxe5 dxe3 12. dxe3 Qe7 13. e4 Nc7 14. Qf4 Ne6 15. Qg3
Ned4 16. Nxd4 Nxd4 17. Bxd4 cxd4 18. Bd3 Bxe5 19. Qf3 b6 20. Nd2 Bb7 21. Rae1
Rac8 22. Re2 Kg7 23. Nc4 f6 24. Ref2 Bc6 25. Nxe5 fxe5 26. Qg4 Bd7 27. Qg3 Rxf2
28. Rxf2 Rf8 29. Rxf8 Kxf8 30. Qe1 a5 31. Kh2 Qf6 32. b4 Bxa4 33. bxa5 bxa5 34.
Qxa5 Be8 35. Qc5+ Qe7 36. Qc8 Qd7 37. Qc4 Bf7 38. Qa6 Qe6 39. Qa3+ Kg7 40. c3
dxc3 41. Qxc3 Qd6 42. Kg3 g5 43. Kf3 h6 44. Ke2 Bh5+ 45. g4 Bf7 46. Bc4 Qc5 47.
Kd3 Bg6 48. Qb2 Qd6+ 49. Ke3 Qc5+ 50. Kd3 Kf6 51. Qb7 Qd4+ 0-1

[Event "Titled Tue 10th Jun Early"]
[Site "chess.com INT"]
[Date "2025.06.10"]
[Round "4"]
[White "Miranda Samudio, Adrian Jafeth"]
[Black "Palchuk, Andrii"]
[Result "0-1"]
[WhiteTitle "CM"]
[BlackTitle "FM"]
[WhiteElo "1902"]
[BlackElo "2339"]
[WhiteFideId "6611044"]
[BlackFideId "14176688"]
[EventDate "2025.06.10"]

1. e4 c5 2. Nf3 Nc6 3. d4 cxd4 4. Nxd4 Nf6 5. Nc3 d6 6. Be3 e6 7. f3 Be7 8. Bb5
Bd7 9. Bxc6 bxc6 10. O-O O-O 11. Nb3 a5 12. Na4 c5 13. Nc3 Qc7 14. Nd2 d5 15.
exd5 exd5 16. Bg5 Bc6 17. Re1 Rfe8 18. a4 h6 19. Bh4 Qd7 20. Nb3 Qa7 21. Bf2 d4
22. Nb5 Qd7 23. c4 Bf8 24. Qd2 Bxb5 25. axb5 a4 26. Rxe8 Nxe8 27. Na5 Nd6 28.
Rxa4 Qc7 29. b3 Qb6 30. Nc6 Rxa4 31. bxa4 Nxc4 32. Qc2 Na5 33. Qe4 Nxc6 34. Qxc6
Qa5 35. b6 Qxa4 36. h4 Qxc6 37. b7 Qxb7 0-1

[Event "Titled Tue 10th Jun Early"]
[Site "chess.com INT"]
[Date "2025.06.10"]
[Round "4"]
[White "Thipsay, Bagyashree Sathe"]
[Black "Jovic, Stanoje"]
[Result "0-1"]
[WhiteTitle "WIM"]
[BlackTitle "FM"]
[WhiteElo "2075"]
[BlackElo "2096"]
[WhiteFideId "5001013"]
[BlackFideId "905020"]
[EventDate "2025.06.10"]

1. e4 c6 2. d4 d5 3. e5 c5 4. dxc5 e6 5. Nf3 Bxc5 6. a3 Nc6 7. Bd3 Nge7 8. b4
Bb6 9. Bb2 Ng6 10. g3 f6 11. Nbd2 O-O 12. Bxg6 hxg6 13. O-O g5 14. c4 g4 15.
exf6 gxf6 16. Nh4 f5 17. Ng6 Rf7 18. Nf4 Bd4 19. Qb3 Bxb2 20. Qxb2 d4 21. b5 Ne7
22. Nd3 Ng6 23. f3 e5 24. fxg4 e4 25. gxf5 Bxf5 26. Nf4 Ne5 27. Kg2 Rc8 28. Rae1
e3 29. Nf3 Nxf3 30. Kxf3 Rxc4 31. Kg2 Qc7 0-1

[Event "Titled Tue 10th Jun Early"]
[Site "chess.com INT"]
[Date "2025.06.10"]
[Round "4"]
[White "Emeliantsev, Anatoliy"]
[Black "Tristan, Leonardo"]
[Result "0-1"]
[WhiteTitle "FM"]
[BlackTitle "GM"]
[WhiteElo "2359"]
[BlackElo "2536"]
[WhiteFideId "4160681"]
[BlackFideId "113816"]
[EventDate "2025.06.10"]

1. d4 d5 2. c4 e6 3. Nc3 a6 4. e4 dxe4 5. Nxe4 Bb4+ 6. Bd2 Qxd4 7. Bxb4 Qxe4+ 8.
Be2 Nc6 9. Bc3 Nf6 10. Nf3 e5 11. O-O O-O 12. Bd3 Qf4 13. Re1 Bg4 14. Be2 Ne4
15. Bxe5 Nxe5 16. Nxe5 Qxf2+ 17. Kh1 Bxe2 18. Rxe2 Qf4 19. Qe1 Qxe5 20. Rxe4
Qxb2 21. Rb1 Qxa2 22. Rxb7 a5 23. Rxc7 a4 24. Ree7 a3 25. h3 Qc2 26. Ra7 h6 27.
Rxf7 Rxa7 28. Rxa7 Qxc4 29. Qg3 Qd4 30. Kh2 Qxa7 0-1

[Event "Titled Tue 10th Jun Early"]
[Site "chess.com INT"]
[Date "2025.06.10"]
[Round "4"]
[White "Nitish, Belurkar"]
[Black "Levitan, Caleb Levi"]
[Result "1-0"]
[WhiteTitle "IM"]
[BlackTitle "FM"]
[WhiteElo "2454"]
[BlackElo "2399"]
[WhiteFideId "5084768"]
[BlackFideId "14332620"]
[EventDate "2025.06.10"]

1. d4 d5 2. Nf3 Nf6 3. e3 e6 4. Bd3 c5 5. c3 Nc6 6. Nbd2 Bd6 7. Qe2 O-O 8. O-O
e5 9. dxc5 Bxc5 10. e4 d4 11. Nb3 Bb6 12. cxd4 Nxd4 13. Nbxd4 Bxd4 14. Nxd4 Qxd4
15. Be3 Qb4 16. Rac1 b6 17. a3 Qe7 18. Rfd1 Bb7 19. f3 Rac8 20. Bc4 Rfd8 21.
Rxd8+ Rxd8 22. Rd1 h6 23. b4 Ne8 24. Bb3 Rxd1+ 25. Qxd1 Qd6 26. Qc2 Qc7 27. Qd3
Nd6 28. h3 Bc6 29. a4 Ba8 30. b5 h5 31. Kh2 g6 32. Bd2 Nf5 33. Qc4 Qxc4 34. Bxc4
Nd6 35. Bb3 Kf8 36. Bb4 Ke7 37. f4 f6 38. g4 hxg4 39. hxg4 Bxe4 40. g5 exf4 41.
gxf6+ Kxf6 42. Bxd6 g5 43. Bb8 Kf5 44. Bxa7 g4 45. Bxb6 g3+ 46. Kh3 Bf3 47. Bc2+
Kg5 48. Bd8+ Kh5 49. a5 Be2 50. Kg2 Bxb5 51. Bf5 Bc6+ 52. Kh3 f3 53. Kxg3 Kh6
54. Bc8 Kg7 55. a6 Kf8 56. Bb7 Ke8 57. Bxc6+ Kxd8 58. a7 Kc7 59. a8=Q 1-0

[Event "Titled Tue 10th Jun Early"]
[Site "chess.com INT"]
[Date "2025.06.10"]
[Round "4"]
[White "Stemmler, Fabian"]
[Black "Sarkar, Justin"]
[Result "1-0"]
[WhiteTitle "CM"]
[BlackTitle "IM"]
[WhiteElo "2190"]
[BlackElo "2284"]
[WhiteFideId "12964808"]
[BlackFideId "2010011"]
[EventDate "2025.06.10"]

1. e4 e5 2. Nf3 Nc6 3. d4 exd4 4. Nxd4 Nf6 5. Nc3 Bb4 6. Nxc6 bxc6 7. Bd3 d5 8.
exd5 O-O 9. O-O cxd5 10. h3 Rb8 11. Qf3 Rb6 12. Bg5 Bb7 13. Qg3 h6 14. Bf4 Nh5
15. Bxc7 Nxg3 16. Bxd8 Rxd8 17. fxg3 Bxc3 18. bxc3 Rc8 19. Rae1 Re6 20. Bf5 Rxe1
21. Rxe1 Rd8 22. Re7 Rb8 23. Bd3 Kf8 24. Rc7 a5 25. a3 a4 26. Rc5 Ke8 27. Ra5
Kd8 28. Rxa4 Bc6 29. Ra6 Kc7 30. Ra7+ Kd6 31. Rxf7 Ra8 32. Rxg7 Rxa3 33. Rg6+
Kc5 34. Rxh6 Rxc3 35. Kh2 d4 36. g4 Ra3 37. g5 1-0

[Event "Titled Tue 10th Jun Early"]
[Site "chess.com INT"]
[Date "2025.06.10"]
[Round "4"]
[White "Araujo Filho, Luiz Antonio Coel"]
[Black "Altynbek, Aiaru"]
[Result "1-0"]
[BlackTitle "WFM"]
[WhiteElo "2077"]
[BlackElo "1977"]
[WhiteFideId "2130661"]
[BlackFideId "13752472"]
[EventDate "2025.06.10"]

1. d4 d5 2. Nf3 Nf6 3. e3 Bf5 4. Bd3 Bxd3 5. Qxd3 e6 6. Qb5+ Nbd7 7. Qxb7 Bd6 8.
O-O O-O 9. Qa6 Qe7 10. Nbd2 Rfb8 11. c4 c5 12. cxd5 exd5 13. b3 Ne4 14. Ba3 Rb6
15. Qa5 cxd4 16. Bxd6 Rxd6 17. Nxd4 Rg6 18. Qxd5 Re8 19. Nxe4 Nb6 20. Qf5 Qxe4
21. Qxe4 Rxe4 22. Rac1 h5 23. Rc7 a6 24. Rfc1 h4 25. R7c6 Nd5 26. Rxg6 fxg6 27.
Rc6 Nb4 28. Rb6 a5 29. Rb5 Rg4 30. h3 Re4 31. Rxa5 Kf7 32. a3 Nd3 33. b4 Re8 34.
Nb3 Nb2 35. Kh2 Rd8 36. Nd4 Nc4 37. Ra7+ Kf6 38. g3 g5 39. a4 Nb2 40. b5 Rc8 41.
b6 hxg3+ 42. Kxg3 Rb8 43. b7 Nxa4 44. Nc6 1-0

[Event "Titled Tue 10th Jun Early"]
[Site "chess.com INT"]
[Date "2025.06.10"]
[Round "4"]
[White "Kazakov, Mikhail"]
[Black "Galchenko, Matvey"]
[Result "0-1"]
[WhiteTitle "GM"]
[BlackTitle "IM"]
[WhiteElo "2513"]
[BlackElo "2435"]
[WhiteFideId "14102749"]
[BlackFideId "24175480"]
[EventDate "2025.06.10"]

1. d4 Nf6 2. c4 c5 3. d5 e6 4. Nc3 exd5 5. cxd5 d6 6. e4 g6 7. Nf3 a6 8. a4 Bg4
9. Be2 Bxf3 10. Bxf3 Bg7 11. O-O Nbd7 12. Re1 O-O 13. Bf4 Qe7 14. Qc2 Ne5 15.
Be2 Rab8 16. Bg3 g5 17. h3 Ng6 18. Bd3 Nd7 19. Nd1 f5 20. Ne3 f4 21. Nf5 Qf6 22.
Bh2 Nde5 23. Bf1 Ne7 24. Nxe7+ Qxe7 25. f3 h5 26. Be2 Qf7 27. Kf1 g4 28. hxg4
hxg4 29. fxg4 f3 30. Bd1 fxg2+ 31. Kxg2 Nf3 32. Rh1 Nxh2 33. Kxh2 Be5+ 34. Kg2
Qf4 35. Qd3 Qf2+ 36. Kh3 Kg7 37. g5 Rh8+ 38. Kg4 Qf4# 0-1

[Event "Titled Tue 10th Jun Early"]
[Site "chess.com INT"]
[Date "2025.06.10"]
[Round "4"]
[White "Gonzalez Menendez, Ivan"]
[Black "Ambartsumian, Tyhran"]
[Result "1-0"]
[WhiteTitle "FM"]
[BlackTitle "CM"]
[WhiteElo "2382"]
[BlackElo "2244"]
[WhiteFideId "2226316"]
[BlackFideId "34161112"]
[EventDate "2025.06.10"]

1. e4 e5 2. d4 exd4 3. Bc4 Nf6 4. Nf3 Nc6 5. e5 d5 6. Bb5 Nd7 7. Bxc6 bxc6 8.
Nxd4 Nb8 9. O-O Be7 10. f4 c5 11. Ne2 Nc6 12. Nec3 d4 13. Ne4 h5 14. f5 Nxe5 15.
Bf4 Ng4 16. h3 Nf6 17. Nxf6+ gxf6 18. Na3 Bxf5 19. Nb5 Kf8 20. Qf3 Bd7 21. Bxc7
Qc8 22. Bd6 Rh6 23. Rae1 Be6 24. Qf4 Rg6 25. Bxe7+ Kg8 26. Qf3 Rb8 27. Nd6 Qd7
28. Nf5 Rc8 29. Kh1 Re8 30. Bxc5 Rc8 31. Bxd4 Rd8 32. Bc3 Kf8 33. Nh4 1-0

[Event "Titled Tue 10th Jun Early"]
[Site "chess.com INT"]
[Date "2025.06.10"]
[Round "4"]
[White "Berikkyzy Alanna"]
[Black "Napoli, Nicolo"]
[Result "0-1"]
[WhiteTitle "WFM"]
[BlackTitle "FM"]
[WhiteElo "2080"]
[BlackElo "2264"]
[WhiteFideId "13780719"]
[BlackFideId "813702"]
[EventDate "2025.06.10"]

1. e4 c6 2. Nf3 d5 3. Nc3 dxe4 4. Nxe4 Nf6 5. Qe2 Nxe4 6. Qxe4 Nd7 7. Bc4 Nf6 8.
Ne5 e6 9. Qe2 Bd6 10. d4 Qc7 11. Bg5 b6 12. O-O Bb7 13. f4 h6 14. Bh4 O-O-O 15.
c3 c5 16. Rac1 Rdg8 17. f5 exf5 18. Rxf5 Kb8 19. dxc5 Bxc5+ 20. Bf2 Re8 21. Re1
Ne4 22. Bxc5 Qxc5+ 23. Kh1 Rxe5 24. Rxe5 Qxe5 25. Bd3 f5 26. c4 Rd8 27. Bxe4
Bxe4 28. Qf2 g5 29. b4 Rd4 30. c5 bxc5 31. bxc5 Qxc5 32. Qb2+ Qb4 33. Qf2 Rd2
34. Qg3+ f4 35. Qg4 Rxg2 0-1

[Event "Titled Tue 10th Jun Early"]
[Site "chess.com INT"]
[Date "2025.06.10"]
[Round "4"]
[White "Buscar, Michael"]
[Black "Lazaro Azcutia, Miguel"]
[Result "0-1"]
[BlackTitle "CM"]
[WhiteElo "2016"]
[BlackElo "2275"]
[WhiteFideId "2603616"]
[BlackFideId "54538254"]
[EventDate "2025.06.10"]

1. d4 d5 2. c4 e6 3. Nc3 Nf6 4. Bg5 dxc4 5. e4 c5 6. dxc5 Qxd1+ 7. Rxd1 Bxc5 8.
Bxc4 h6 9. Bxf6 gxf6 10. Nb5 Bb6 11. Nd6+ Ke7 12. Nf3 Nc6 13. O-O Rd8 14. Nxc8+
Raxc8 15. a3 a6 16. Bb3 Nd4 17. Nxd4 Rxd4 18. Rxd4 Bxd4 19. Rb1 Bxb2 20. a4 Bd4
21. g3 b5 22. axb5 axb5 23. Bd1 Rb8 24. Kf1 b4 25. Ke2 Bc5 26. f3 Ra8 27. Rb2
Bd6 28. Kd3 Ra3+ 29. Bb3 Ra1 30. Kc4 h5 31. Rf2 Rc1+ 32. Kb5 Rc3 33. Ka4 Rc1 34.
Kb5 Ra1 35. f4 Ra3 36. Kc4 Ra5 37. Re2 Rc5+ 38. Kd3 Rc3+ 39. Kd4 Bc5# 0-1

[Event "Titled Tue 10th Jun Early"]
[Site "chess.com INT"]
[Date "2025.06.10"]
[Round "4"]
[White "Jimenez Salas, Maria Teresa"]
[Black "Moro Saidon, Gonzalo"]
[Result "1-0"]
[WhiteTitle "WIM"]
[WhiteElo "2170"]
[BlackElo "2114"]
[WhiteFideId "3843866"]
[BlackFideId "140082"]
[EventDate "2025.06.10"]

1. e4 e5 2. Nf3 Nc6 3. d4 exd4 4. Nxd4 Bc5 5. Nb3 Bb6 6. Qe2 Qf6 7. Nc3 Nge7 8.
Be3 Bxe3 9. Qxe3 d6 10. Nb5 O-O 11. Nxc7 Rb8 12. O-O-O a6 13. Kb1 Bd7 14. Nd5
Nxd5 15. exd5 Ne5 16. h3 Rfc8 17. f4 Nc4 18. Qd4 Qxd4 19. Nxd4 Ne3 20. Rd2 Nxd5
21. g3 Bc6 22. Rg1 Ne3 23. Bd3 d5 24. Re1 Nc4 25. Bxc4 dxc4 26. Nxc6 Rxc6 27.
Rd7 Re6 28. Rxe6 fxe6 29. Kc1 Kf8 30. Rc7 b5 31. Rc6 a5 32. Rxe6 Kf7 33. Re5 Kf6
34. Kd2 a4 35. Kc3 h6 36. Kb4 g5 37. Rxb5 Rd8 38. fxg5+ hxg5 39. Kxa4 Rd2 40. c3
Rd3 41. h4 g4 42. Rb4 Rxg3 43. Rxc4 Kf5 44. Rc8 Rg2 45. Rf8+ Ke4 46. b4 Kd3 47.
h5 Rxa2+ 48. Kb5 Kxc3 49. Rg8 Rh2 50. Rg5 g3 51. Rxg3+ 1-0

[Event "Titled Tue 10th Jun Early"]
[Site "chess.com INT"]
[Date "2025.06.10"]
[Round "4"]
[White "Germanovs, Georgijs"]
[Black "Mitrabha, Guha"]
[Result "0-1"]
[WhiteTitle "CM"]
[BlackTitle "GM"]
[WhiteElo "2260"]
[BlackElo "2515"]
[WhiteFideId "11609710"]
[BlackFideId "5057000"]
[EventDate "2025.06.10"]

1. e4 c6 2. d4 d5 3. e5 Bf5 4. Nf3 e6 5. Bd3 Ne7 6. O-O Nd7 7. h3 a6 8. Bg5 Bxd3
9. Qxd3 Qb6 10. Nbd2 Qb5 11. c4 Qb6 12. a4 Ng6 13. c5 Qc7 14. a5 f6 15. exf6
gxf6 16. Be3 O-O-O 17. Nb1 Rg8 18. Nc3 e5 19. dxe5 fxe5 20. Qf5 Be7 21. Bg5 e4
22. Nd4 Rdf8 23. Bxe7 Rxf5 24. Bd6 Qd8 25. Nxf5 Qg5 26. Ng3 h5 27. Kh1 h4 28.
Nge2 Nge5 29. Rg1 Nc4 30. Bh2 Nxc5 31. Rac1 Nd3 32. Rcf1 Qg7 33. b3 Nd2 34. Na4
Nxf1 35. Nb6+ Kd8 36. Bd6 Nxf2# 0-1

[Event "Titled Tue 10th Jun Early"]
[Site "chess.com INT"]
[Date "2025.06.10"]
[Round "4"]
[White "Csonka, Balazs"]
[Black "Liubarov, Mark"]
[Result "1-0"]
[WhiteTitle "IM"]
[BlackTitle "FM"]
[WhiteElo "2467"]
[BlackElo "2331"]
[WhiteFideId "742910"]
[BlackFideId "4142110"]
[EventDate "2025.06.10"]

1. d4 Nf6 2. c4 e6 3. Nc3 Bb4 4. f3 c5 5. a3 Bxc3+ 6. bxc3 d5 7. cxd5 Nxd5 8.
dxc5 Qf6 9. Qd4 Nxc3 10. Qxf6 gxf6 11. Bb2 Nd5 12. e4 Ne3 13. Bxf6 Rg8 14. Kf2
Nxf1 15. Rxf1 Nd7 16. Bd4 b6 17. c6 Nb8 18. Rc1 Ke7 19. Ne2 f6 20. e5 fxe5 21.
Bxe5 Na6 22. Rhd1 Kf7 23. Rc4 Nc5 24. Rf4+ Ke8 25. Bd6 Ba6 26. Bxc5 Bxe2 27.
Kxe2 bxc5 28. g4 Rc8 29. Rd6 Rg6 30. Rc4 Rh6 31. Rxc5 Rxh2+ 32. Ke3 Ra2 33. Rc3 1-0

[Event "Titled Tue 10th Jun Early"]
[Site "chess.com INT"]
[Date "2025.06.10"]
[Round "4"]
[White "Bulgak, Damir"]
[Black "Panin, Mikhail"]
[Result "1-0"]
[BlackTitle "CM"]
[WhiteElo "2213"]
[BlackElo "2255"]
[WhiteFideId "13528882"]
[BlackFideId "34164992"]
[EventDate "2025.06.10"]

1. d4 d5 2. c4 e6 3. Nc3 Nf6 4. Nf3 h6 5. Qc2 Bd6 6. e4 dxe4 7. Nxe4 Nxe4 8.
Qxe4 Bb4+ 9. Bd2 Bxd2+ 10. Nxd2 Nd7 11. Nf3 O-O 12. Bd3 Nf6 13. Qe2 c5 14. dxc5
Qa5+ 15. Qd2 Qxc5 16. O-O b6 17. b4 Qh5 18. Qf4 Bb7 19. Ne5 Rad8 20. Rad1 Qg5
21. Qxg5 hxg5 22. Rfe1 g6 23. f3 Kg7 24. Kf2 Nh5 25. g3 Nf6 26. Bc2 Rh8 27. Rxd8
Rxd8 28. Rd1 Rh8 29. Kg1 Rc8 30. Bb3 a5 31. b5 Kf8 32. Rd6 Rc5 33. Rxb6 Bc8 34.
Rc6 Rxc6 35. Nxc6 Nd7 36. Nxa5 Nc5 37. Bc2 Ke7 38. Nb3 Na4 39. c5 Nc3 40. b6 Kd7
41. Na5 1-0

[Event "Titled Tue 10th Jun Early"]
[Site "chess.com INT"]
[Date "2025.06.10"]
[Round "4"]
[White "Enkhrii Enkh-Amgalan"]
[Black "Bodemar, Jonathan"]
[Result "0-1"]
[WhiteTitle "WFM"]
[BlackTitle "CM"]
[WhiteElo "2226"]
[BlackElo "2150"]
[WhiteFideId "4907272"]
[BlackFideId "6205488"]
[EventDate "2025.06.10"]

1. d4 Nf6 2. c4 e6 3. Nf3 d5 4. Nc3 dxc4 5. e4 b5 6. e5 Nd5 7. Nxb5 Nb6 8. Be3
Nc6 9. Be2 Be7 10. O-O O-O 11. Nc3 Bb7 12. Rc1 Nb4 13. a3 N4d5 14. Qd2 Rb8 15.
Rfd1 Nxc3 16. Qxc3 Na4 17. Qc2 Bxf3 18. Bxf3 Nxb2 19. Rd2 Bxa3 20. d5 exd5 21.
Rxd5 Qe7 22. Bxa7 Rbd8 23. Ra5 Nd3 24. Ra1 Bb4 25. Rb5 Ne1 26. Qe2 Nxf3+ 27.
Qxf3 Rd3 28. Qe4 Rfd8 0-1

[Event "Titled Tue 10th Jun Early"]
[Site "chess.com INT"]
[Date "2025.06.10"]
[Round "4"]
[White "Zheng, Marcus"]
[Black "Bustelo, Tabare"]
[Result "0-1"]
[BlackTitle "CM"]
[WhiteElo "1969"]
[BlackElo "2043"]
[WhiteFideId "30974038"]
[BlackFideId "3000362"]
[EventDate "2025.06.10"]

1. e4 e5 2. Nf3 f5 3. exf5 e4 4. Nd4 Qf6 5. c3 d5 6. d3 Bxf5 7. Qh5+ g6 8. Qe2
Nd7 9. dxe4 dxe4 10. Nd2 O-O-O 11. N2b3 c5 12. Nb5 a6 13. Na3 Ne7 14. Be3 Nc6
15. O-O-O Be7 16. g3 h5 17. h3 Rhe8 18. Bg2 Qe6 19. Kb1 a5 20. Qb5 Nde5 21. Nxa5
Nxa5 22. Qxa5 Nd3 23. Nb5 Bd6 24. Qa8+ Bb8 25. Rxd3 Rxd3 26. Bf4 Qb6 27. Bxb8
Kd7 28. g4 hxg4 29. hxg4 Bxg4 30. Rh7+ Kc6 31. Rc7+ Kd5 32. c4+ Kxc4 33. b3+
Kxb5 34. a4+ Kb4 35. Rxb7 Rxb3+ 36. Kc2 Rc3+ 37. Kd2 Rd8+ 38. Ke1 Rd1# 0-1

[Event "Titled Tue 10th Jun Early"]
[Site "chess.com INT"]
[Date "2025.06.10"]
[Round "4"]
[White "Nikulina, Alena"]
[Black "Manukyan, Sargis A."]
[Result "1-0"]
[WhiteTitle "WFM"]
[BlackTitle "FM"]
[WhiteElo "1875"]
[BlackElo "2294"]
[WhiteFideId "4172051"]
[BlackFideId "13303970"]
[EventDate "2025.06.10"]

1. e4 c5 2. Nf3 d6 3. c3 Nf6 4. h3 e6 5. Bd3 Be7 6. Bc2 O-O 7. O-O Nc6 8. Re1 c4
9. b3 b5 10. a4 cxb3 11. Bxb3 bxa4 12. Bxa4 Qc7 13. d4 d5 14. e5 Ne4 15. Nfd2
Nxd2 16. Bxd2 Bd7 17. Na3 Na5 18. Bc2 Bxa3 19. Rxa3 Nc4 20. Ra1 Nxd2 21. Qxd2
Rfc8 22. Re3 a5 23. Qd3 g6 24. h4 Qd8 25. h5 Be8 26. hxg6 hxg6 27. Rh3 Qg5 28.
g3 a4 29. Kg2 Kf8 30. c4 Rxc4 31. Qa3+ Rb4 32. Qxb4+ Kg7 33. Rah1 Qh5 34. Rxh5
gxh5 35. Rxh5 a3 36. Bb3 a2 37. Bxa2 Rxa2 38. Qe7 Bb5 39. Rg5+ Kh6 40. Qf6+ Kh7
41. Qg7# 1-0

[Event "Titled Tue 10th Jun Early"]
[Site "chess.com INT"]
[Date "2025.06.10"]
[Round "4"]
[White "Hossain, Enamul"]
[Black "Buchenau, Frank"]
[Result "1-0"]
[WhiteTitle "GM"]
[BlackTitle "FM"]
[WhiteElo "2347"]
[BlackElo "2205"]
[WhiteFideId "10200649"]
[BlackFideId "4604350"]
[EventDate "2025.06.10"]

1. d4 e6 2. e4 d5 3. Nc3 Nf6 4. e5 Nfd7 5. f4 c5 6. Nf3 Nc6 7. Be3 a6 8. a3 cxd4
9. Nxd4 Bc5 10. Qd2 O-O 11. O-O-O Qe7 12. Nb3 Bxe3 13. Qxe3 b6 14. Kb1 Nc5 15.
Nd4 Nxd4 16. Qxd4 Bb7 17. h4 f6 18. exf6 Qxf6 19. g3 Qxd4 20. Rxd4 Rae8 21. b4
Nd7 22. Bh3 Bc6 23. Re1 Kf7 24. Rd2 Nf6 25. Rde2 Ne4 26. Nxe4 dxe4 27. Rd2 Rd8
28. Kc1 Rxd2 29. Kxd2 Rd8+ 30. Ke3 Bd5 31. Bf1 Rc8 32. Kd2 a5 33. Re3 axb4 34.
axb4 h5 35. Rc3 Rxc3 36. Kxc3 Kf6 37. Kd4 Bb7 38. Bg2 Kf5 39. Bh3+ Kf6 40. c4
Bc6 41. b5 Bb7 42. Bf1 Ba8 43. Be2 g6 44. c5 bxc5+ 45. Kxc5 e5 46. fxe5+ Kxe5
47. b6 e3 48. Kc4 Bb7 49. Kc3 Ke4 50. Kb4 1-0